Normal view
MARC view
- Nurses Instruction
Entry Genre/Form Term
001 - CONTROL NUMBER
- control field: 15836
003 - CONTROL NUMBER IDENTIFIER
- control field: OSt
005 - DATE AND TIME OF LATEST TRANSACTION
- control field: 20260629172351.0
008 - FIXED-LENGTH DATA ELEMENTS
- fixed length control field: 260629|| aca||aabn | a|a d
040 ## - CATALOGING SOURCE
- Original cataloging agency: OSt
- Transcribing agency: OSt
155 ## - HEADING--GENRE/FORM TERM
- Genre/form term: Nurses Instruction
670 ## - SOURCE DATA FOUND
- Source citation: Work cat.: (OSt)6224: Everett, Suzanne, author. 15830, Handbook of contraception and sexual health /